000 00693cab a2200205 4500
001 ABS43465
008 090401t1990 xxu||||| |||| 00| 0 eng d
035 _a(Sirsi) u41859
041 _aeng
245 _aRoof and external walls: Housing: Lewisham Architects Department
260 _c1990
350 _a0
490 _aArchitects` Journal
_v192(15) 10 October 1990, 63-65(3)
520 _aReviews Lewisham `s use of timber framing for public sector housing twelve years since its introduction.
650 _aMANAGEMENT-HEALTH AND SAFETY-HAZARDOUS SUBSTANCES-ASBESTOS
650 _aTURF ROOFS
690 _aBUILT ENVIRONMENT-CONSTRUCTION DESIGN
942 _n0
948 _c04/03/1997
999 _c26875
_d26875